00570cam a2200193 a 4500001000800000005001700008008004100025020001600066040002500082082002300107100001900130245009800149250000800247260005100255300001800306500002000324650001000344650002200354431387220240304053809.0870728s1988 enk b 001 0 eng  a0745011462  aDLCcDLCdOCoLCdDLC00a323.334.220bWOM.1 aCoole, Diana .10aWomen in political theory :bfrom ancient misogyny to contemporary feminism /c Diana, Coole. a2nd aHemel Hempstead :bWheatsheaf Campus ,c1993. avi, 273 p. ; aIncludes index. 0aWomen 0aPolitical science